Luật quốc tế về doanh nghiệp

שמור ב:
מידע ביבליוגרפי
מחבר ראשי: Karolyn HoTchkiss
פורמט: ספר
שפה:Vietnamese
יצא לאור: Sunshine 1996
תגים: הוספת תג
אין תגיות, היה/י הראשונ/ה לתייג את הרשומה!
Thư viện lưu trữ: Mạng thư viện Đại học Đà Nẵng
LEADER 00624nam a2200277 4500
001 000025683
003 1242
005 20150325120000.0
008 150325s vm 000 vie
020 |c 45000,0000 
040 |a D4 
100 |a Karolyn HoTchkiss 
245 |a Luật quốc tế về doanh nghiệp 
260 |b Sunshine  |c 1996 
300 |a 409tr. ; 
OWN |a LTT 
999 |a From the UDN01 
TYP |a Monograph 
TYP |a Printed language 
980 |a Mạng thư viện Đại học Đà Nẵng